GUYTON & HALL TB. OF MEDICAL PHYSIOLOGY (Record no. 32728)

MARC details
000 -LEADER
fixed length control field 00362nam a22001577a 4500
003 - CONTROL NUMBER IDENTIFIER
control field SGT
020 ## - INTERNATIONAL STANDARD BOOK NUMBER
International Standard Book Number 9781416045748
082 ## - DEWEY DECIMAL CLASSIFICATION NUMBER
Classification number 612
Item number G11H
100 ## - MAIN ENTRY--PERSONAL NAME
Personal name HALL, JOHN E.
245 ## - TITLE STATEMENT
Title GUYTON & HALL TB. OF MEDICAL PHYSIOLOGY
250 ## - EDITION STATEMENT
Edition statement 12TH
260 ## - PUBLICATION, DISTRIBUTION, ETC. (IMPRINT)
Place of publication, distribution, etc PHYLADELPHIA
Name of publisher, distributor, etc ELSEVIER PUB
Year of Publication 2011
300 ## - PAGE DESCRIPTION
No. of Pages 1091
650 ## - SUBJECT ADDED ENTRY--TOPICAL TERM
Topical term or geographic name as entry element HUMAN PHYSIOLOGY
942 ## - ADDED ENTRY ELEMENTS (KOHA)
Source of classification or shelving scheme Dewey Decimal Classification
Koha item type Books
Holdings
Withdrawn status Lost status Source of classification or shelving scheme Damaged status Not for loan Collection code Home library Current library Shelving location Date acquired Vendor Name SGTU Total Checkouts Full call number Accession No. (Barcode) Date last seen Bill Date Koha item type
    Dewey Decimal Classification   Not For Loan MEDICAL SGT Medical Library SGT Medical Library Reference Book 20/09/2025 COMP SGTU   612 G11H FM15523 20/09/2025 20/09/2025 Books